Dead Meat Kill Counts - Statistics

General Stats
  • This quiz has been taken 90 times
    89 since last reset
  • The average score is 19 of 69
Answer Stats
Answer % Correct
1 Friday the 13th
93%
2 Friday the 13th Part 2
78%
3 Friday the 13th Part 3
75%
13 Scream
52%
4 Friday the 13th: The Final Chapter
49%
14 Scream 2
49%
20 Child's Play
48%
10 Jason X
46%
15 Scream 3
45%
16 Scream 4
45%
5 Friday the 13th: A New Beginning
42%
64 Saw
42%
45 Nightmare on Elm Street
41%
21 Child's Play 2
38%
23 Child's Play 3
36%
11 Freddy vs Jason
36%
25 Seed of Chucky
36%
24 Bride of Chucky
35%
65 Saw II
35%
66 Saw III
35%
26 Curse of Chucky
32%
19 Get Out
32%
44 It
32%
9 Jason Goes to Hell: The Final Friday
32%
27 Cult of Chucky
30%
55 Leprechaun
30%
31 Alien
28%
57 Leprechaun 2
26%
32 Aliens
25%
18 Night of the Living Dead
25%
68 Saw IV
25%
38 Black Christmas
23%
33 Alien 3
22%
8 Friday the 13th Part VIII: Jason Takes Manhattan
22%
7 Friday the 13th Part VII: The New Blood
22%
6 Friday the 13th Part VI: Jason Lives
22%
36 Jack Frost
22%
59 Leprechaun 3
22%
61 Leprechaun in the Hood
22%
49 My Bloody Valentine
22%
30 Trick 'r Treat
22%
34 ThanksKilling
20%
28 You're Next
20%
12 Friday the 13th (2009 Reboot)
19%
40 Krampus
19%
60 Leprechaun 4: in Space
17%
62 Leprechaun: Back 2 Tha’ Hood
17%
29 Mist
17%
41 New Year's Evil
17%
53 President's Day
17%
35 Alien Resurrection
16%
56 Belko Experiment
16%
51 Freddy’s Dead: The Final Nightmare
16%
67 Happy Death Day
16%
37 Jack Frost 2: Revenge of the Mutant Killer Snowman
16%
46 Nightmare on Elm Street 2: Freddy’s Revenge
16%
42 Killer Klowns from Outer Space
14%
63 Leprechaun: Origins
14%
47 Nightmare on Elm Street 3: Dream Warriors
14%
17 Thing
14%
52 Wes Craven’s New Nightmare
14%
48 Nightmare on Elm Street 4: The Dream Master
13%
50 Nightmare on Elm Street 5: The Dream Child
13%
58 Sunny Family Cult
13%
39 Black Christmas (2006 Remake)
12%
54 Nightmare on Elm Street (2010 Remake)
10%
22 Stephen King's It
10%
54 Strangers
9%
43 Thing (2011 Prequel)
7%
No matching quizzes found
Score Distribution
Percent of People with Each Score
Percentile by Number Answered
Your Score History
You have not taken this quiz since the last reset